| 000 | 00819nam a2200253 i 4500 | ||
|---|---|---|---|
| 001 | 000035510 | ||
| 003 | DO-SdBNP | ||
| 005 | 20240516101353.0 | ||
| 007 | ta | ||
| 008 | 111102s2003 dr 000 0 spa d | ||
| 020 | _a9993429287 | ||
| 040 |
_aDO-SdBNP _bspa _cBNPHU _erda |
||
| 082 | 4 |
_bI61 _222 |
|
| 245 | 0 | 3 |
_aLa intervención de 1965 vista por los militares estadounidenses / _ccompilador, Eduardo Sosa. |
| 264 |
_aSanto Domingo : _bCollado, _c2003. |
||
| 300 |
_a136 páginas ; _c22 cm. |
||
| 336 |
_2rdacontent _atexto _btxt |
||
| 337 |
_2rdamedia _asin mediación _bn |
||
| 338 |
_2rdacarrier _avolumen _bnc |
||
| 500 | _aEn la cubierta : Coloquio de los Marines de EU celebrado en 1992 en Wasshington | ||
| 590 | _aInventariado, 2024/BT | ||
| 700 | 1 |
_aSosa, Eduardo, _ecompilador _961396 |
|
| 942 |
_2ddc _cLBS1 |
||
| 999 |
_c35001 _d35001 |
||